000 00928 a2200205 4500
001 37794
005 20260407155644.0
008 260407a1970 arg spa d
003 AR-UNSa-BCEJYS
040 _aAR-UNSa-BCEJYS
_bspa
_cAR-UNSa-BCEJYS
080 _a658.012.123
_xModelos de decisión. Diagramas de decisión. Árboles de decisión (Cursogramas)
245 1 0 _aDiagrama de Flujo
264 1 _aMéxico :
_bDiana
_c1970
300 _a141 p.
_c22 cm.
505 _a1. Conceptos básicos - 2. Iteraciones - 3. Transferencias de control - 4. Nitidez - 5. Lectura de datos - 6. La estructura básica - 7. Conteo - 8. Dos problemas instructivos - 9. Indice - 10. Manejo de tablas - 11. Nidos de iteraciones - 12. Inicialización de variables - 13. Manejo de listas - 14. Mantenimiento de archivos
942 _cBK
590 _aniveau_biblio:m niveau_hierar:0
100 1 _aFarina, Mario V.
700 1 _aCota Aguilar, Manuel
999 _c2801
_d2801